[Event "GER-ch U25-B"]
[Site "Willingen"]
[Date "2017.06.05"]
[Round "3"]
[White "Roth, Ludwig"]
[Black "Eichstaedt, Ina"]
[Result "1-0"]
[WhiteElo "1425"]
[BlackElo "1215"]
[PlyCount "79"]
[EventDate "2017.06.04"]
[EventType "swiss"]
[EventRounds "9"]
[EventCountry "GER"]
[SourceTitle "CBM 178 Extra"]
[Source "ChessBase"]
[SourceDate "2017.06.22"]
[SourceVersion "1"]
[SourceVersionDate "2017.06.22"]
[SourceQuality "1"]

1. e4 e5 2. Nf3 Nc6 3. Bc4 h6 4. 0-0 Nf6 5. Nc3 Bb4 6. d3 Bxc3 7. bxc3 d6 8. Rb1 0-0 9. Ba3 b6 10. Re1 Na5 11. Bb3 Nxb3 12. cxb3 Bb7 13. Qc2 Re8 14. Rbd1 c5 15. Nd2 Qc7 16. Nf1 Rad8 17. Ng3 g6 18. Bc1 Kg7 19. f4 exf4 20. Bxf4 Ng4 21. Qe2 Ne5 22. d4 Nc6 23. Qg4 Bc8 24. Qh4 Rh8 25. d5 Qe7 26. Qxe7 Nxe7 27. e5 dxe5 28. Bxe5+ f6 29. Bc7 Rd7 30. d6 Nc6 31. Ne2 Re8 32. Nf4 Rxe1+ 33. Rxe1 Ne5 34. Re4 Kf7 35. Ra4 Nc6 36. b4 cxb4 37. cxb4 b5 38. Ra3 a6 39. Nd5 Ke6 40. Nb6 1-0

[Event "GER-ch U25-B"]
[Site "Willingen"]
[Date "2017.06.04"]
[Round "1"]
[White "Von der Weyden, Louis"]
[Black "Eichstaedt, Ina"]
[Result "1-0"]
[WhiteElo "1402"]
[BlackElo "1215"]
[PlyCount "83"]
[EventDate "2017.06.04"]
[EventType "swiss"]
[EventRounds "9"]
[EventCountry "GER"]
[SourceTitle "CBM 178 Extra"]
[Source "ChessBase"]
[SourceDate "2017.06.22"]
[SourceVersion "1"]
[SourceVersionDate "2017.06.22"]
[SourceQuality "1"]

1. c4 f5 2. Nc3 Nf6 3. g3 e6 4. Bg2 c6 5. d4 d5 6. c5 b6 7. b4 Nbd7 8. Be3 Ne4 9. Qc2 g6 10. f3 Nxc3 11. Qxc3 Bg7 12. Nh3 0-0 13. Bf4 Bf6 14. 0-0 Re8 15. Be3 e5 16. Rfe1 exd4 17. Bxd4 Bxd4+ 18. Qxd4 bxc5 19. bxc5 Qf6 20. Qf2 Ne5 21. Rad1 Bb7 22. e4 Rad8 23. f4 Nf7 24. e5 Qg7 25. Qd4 Bc8 26. Rb1 Nh6 27. Bf1 Re7 28. Qa4 Rc7 29. Rb8 Qe7 30. Reb1 Be6 31. Ng5 Rxb8 32. Rxb8+ Kg7 33. Qa5 Rc8 34. Nxe6+ Qxe6 35. Qxa7+ Nf7 36. Rxc8 Qxc8 37. Ba6 Qe6 38. Qc7 Kh6 39. Bc8 Qe8 40. a4 Nd8 41. a5 Qf8 42. Qd6 1-0

[Event "GER-ch U25 op-B"]
[Site "Oberhof"]
[Date "2013.05.25"]
[Round "9"]
[White "Kalina, Joshua"]
[Black "Eichstaedt, Ina"]
[Result "1/2-1/2"]
[WhiteElo "1021"]
[BlackElo "1224"]
[PlyCount "76"]
[EventDate "2013.05.19"]
[EventType "swiss"]
[EventRounds "9"]
[EventCountry "GER"]
[SourceTitle "CBM 154 Extra"]
[Source "ChessBase"]
[SourceDate "2013.06.25"]
[SourceVersion "2"]
[SourceVersionDate "2013.06.25"]
[SourceQuality "1"]

1. e4 e5 2. Nf3 Nc6 3. d4 exd4 4. Nxd4 Bc5 5. Be3 Qf6 6. c3 Nge7 7. Nc2 Bxe3 8. Nxe3 Qe5 9. Bd3 d5 10. Qf3 0-0 11. 0-0 dxe4 12. Bxe4 Be6 13. Nd2 Rad8 14. Rad1 Bxa2 15. Ng4 Qg5 16. Qh3 h6 17. Nf3 Qf4 18. Bc2 Be6 19. Ng5 Qxg5 20. f3 Bxg4 21. fxg4 Rxd1 22. Rxd1 Qc5+ 23. Kh1 Qf2 24. Qd3 Ng6 25. Rf1 Qh4 26. Rf4 Qg5 27. Rf1 Qxg4 28. Bd1 Qe6 29. Bc2 Rd8 30. Qf3 Qf6 31. Qe2 Qe5 32. Qf3 Qe7 33. Bb3 Rf8 34. Kg1 Nge5 35. Qf5 Qc5+ 36. Kh1 Qe3 37. Bc2 Ng6 38. Bb3 Qe7 1/2-1/2

[Event "GER-ch U25 op-B"]
[Site "Oberhof"]
[Date "2013.05.23"]
[Round "7"]
[White "Eichstaedt, Ina"]
[Black "Ruepke, Yannick"]
[Result "1/2-1/2"]
[WhiteElo "1224"]
[BlackElo "1038"]
[PlyCount "40"]
[EventDate "2013.05.19"]
[EventType "swiss"]
[EventRounds "9"]
[EventCountry "GER"]
[SourceTitle "CBM 154 Extra"]
[Source "ChessBase"]
[SourceDate "2013.06.25"]
[SourceVersion "2"]
[SourceVersionDate "2013.06.25"]
[SourceQuality "1"]

1. d4 Nf6 2. c4 d5 3. Nf3 Bf5 4. Nc3 e6 5. cxd5 exd5 6. Bg5 Bb4 7. Qa4+ Nc6 8. Ne5 Bxc3+ 9. bxc3 h6 10. Nxc6 Qd7 11. Bxf6 gxf6 12. e3 bxc6 13. Be2 Ke7 14. Qd1 Rag8 15. Bf3 Bg4 16. Bxg4 Qxg4 17. Qxg4 Rxg4 18. g3 Kd6 19. Rb1 Ra8 20. Ke2 Rgg8 1/2-1/2

[Event "BL2 Nord 1011 (Women)"]
[Site "Germany"]
[Date "2010.11.07"]
[Round "2.6"]
[White "Raus, Christina"]
[Black "Eichstaedt, Ina"]
[Result "1-0"]
[WhiteElo "1425"]
[BlackElo "1055"]
[PlyCount "55"]
[EventDate "2010.11.06"]
[EventType "team-tourn"]
[EventRounds "7"]
[EventCountry "GER"]
[SourceTitle "EXT 2012"]
[Source "ChessBase"]
[SourceDate "2011.11.24"]
[SourceVersion "1"]
[SourceVersionDate "2011.11.24"]
[SourceQuality "1"]
[WhiteTeam "Steinfurt (W)"]
[BlackTeam "Potsdam USV (W)"]
[WhiteTeamCountry "GER"]
[BlackTeamCountry "GER"]

1. d4 f5 2. c4 e6 3. Nc3 Nf6 4. e3 Bb4 5. Bd2 c6 6. Nge2 d5 7. cxd5 cxd5 8. Rc1 Nc6 9. a3 Bxc3 10. Nxc3 a6 11. Bd3 Bd7 12. 0-0 Qc7 13. f4 0-0 14. h3 Qb6 15. Na4 Qc7 16. Nc5 b6 17. Nxa6 Qb7 18. Nb4 Ne4 19. Nxc6 Bxc6 20. Bb4 Rfe8 21. Bxe4 dxe4 22. Qh5 Bb5 23. Rf2 g6 24. Qh6 Ra7 25. Rfc2 Qg7 26. Qxg7+ Rxg7 27. Rc8 Rge7 28. Bxe7 1-0

[Event "GER-ch U25 op"]
[Site "Willingen"]
[Date "2009.05.31"]
[Round "2"]
[White "Eichstaedt, Ina"]
[Black "Kulling, Markus"]
[Result "0-1"]
[WhiteElo "887"]
[BlackElo "1451"]
[PlyCount "110"]
[EventDate "2009.05.30"]
[EventType "swiss"]
[EventRounds "9"]
[EventCountry "GER"]
[SourceTitle "EXT 2010"]
[Source "ChessBase"]
[SourceDate "2010.11.25"]
[SourceVersion "1"]
[SourceVersionDate "2010.11.25"]
[SourceQuality "1"]

1. e4 e6 2. Nc3 d5 3. d4 dxe4 4. Nxe4 Nd7 5. Nf3 Ngf6 6. Bd3 Nxe4 7. Bxe4 Nf6 8. Bg5 Be7 9. Bd3 0-0 10. 0-0 Qe8 11. Ne5 Bd7 12. Bxf6 Bxf6 13. Qh5 h6 14. Rfe1 Bc6 15. Re3 Bg5 16. Rg3 g6 17. Qg4 f5 18. Qh3 Rd8 19. f4 Bxf4 20. Rxg6+ Kh7 21. Qh5 Be3+ 22. Kf1 Rxd4 23. Qh3 Bf4 24. g3 Rg8 25. Qh5 Rxg6 26. Nxg6 Qxg6 27. Qxg6+ Kxg6 28. gxf4 Rxf4+ 29. Ke2 Rg4 30. h3 Rg2+ 31. Kf1 Rh2 32. Re1 Rh1+ 33. Kf2 Rxe1 34. Kxe1 Kg5 35. Bc4 Bd5 36. Bxd5 exd5 37. Kf2 Kf4 38. a4 c5 39. Ke2 Kg3 40. Kd3 Kxh3 41. c4 d4 42. b3 Kg3 43. a5 f4 44. a6 b6 45. b4 f3 46. b5 f2 47. Ke4 f1Q 48. Kd5 Qf5+ 49. Kc6 Qe6+ 50. Kb7 Qd7+ 51. Kb8 d3 52. Ka8 d2 53. Kb8 d1R 54. Ka8 Re1 55. Kb8 Re8# 0-1

[Event "GER-ch U25 op"]
[Site "Willingen"]
[Date "2009.05.30"]
[Round "1"]
[White "Popp, Maximilian"]
[Black "Eichstaedt, Ina"]
[Result "1-0"]
[WhiteElo "1704"]
[BlackElo "887"]
[PlyCount "75"]
[EventDate "2009.05.30"]
[EventType "swiss"]
[EventRounds "9"]
[EventCountry "GER"]
[SourceTitle "EXT 2010"]
[Source "ChessBase"]
[SourceDate "2010.11.25"]
[SourceVersion "1"]
[SourceVersionDate "2010.11.25"]
[SourceQuality "1"]

1. e4 e5 2. Bc4 Nf6 3. d4 Nc6 4. Nf3 d6 5. dxe5 dxe5 6. Qxd8+ Kxd8 7. Ng5 Ke7 8. Nxf7 Be6 9. Bxe6 Kxe6 10. Nxh8 Nxe4 11. c3 Bc5 12. Be3 Bxe3 13. fxe3 Rxh8 14. Nd2 Nxd2 15. Kxd2 Rd8+ 16. Ke2 Na5 17. Rad1 Re8 18. b3 b5 19. Rd3 c5 20. Rhd1 Kf5 21. Rd8 Rxd8 22. Rxd8 c4 23. b4 Nc6 24. Rd7 Kg6 25. Rd6+ Kf5 26. Rxc6 h5 27. Rc7 g5 28. Rxa7 g4 29. a4 bxa4 30. b5 h4 31. b6 g3 32. h3 a3 33. b7 e4 34. b8Q a2 35. Ra5+ Kg6 36. Qb6+ Kf7 37. Ra7+ Ke8 38. Qb8# 1-0